书目信息 |
| 题名: |
招贴设计
|
|
| 作者: | 牛玖荣 主编 | |
| 分册: | ||
| 出版信息: | 郑州 河南科学技术出版社 2007 |
|
| 页数: | 151页 | |
| 开本: | 26cm | |
| 丛书名: | ||
| 单 册: | ||
| 中图分类: | J218.1 | |
| 科图分类: | ||
| 主题词: | 宣传画--设计--高等学校--教材 , 宣传画 | |
| 电子资源: | ||
| ISBN: | 978-7-5349-3574-9 | |
| 000 | 00836nam0 2200253 450 | |
| 001 | 1250936703 | |
| 005 | 20121019140943.71 | |
| 010 | @a978-7-5349-3574-9@dCNY43.00 | |
| 100 | @a20070104d2007 em y0chiy50 ea | |
| 101 | 0 | @achi |
| 102 | @aCN@b410000 | |
| 105 | @aa z 000yy | |
| 200 | 1 | @a招贴设计@Azhao tie she ji@dPoster design@f牛玖荣主编@zeng |
| 210 | @a郑州@c河南科学技术出版社@d2007 | |
| 215 | @a151页@c图@d26cm | |
| 300 | @a高等院校艺术设计专业系列教材 | |
| 330 | @a本书共8章,内容包括色彩与色彩构成、色彩的属性、色彩的混合、色彩心理、色彩对比、色彩调和、色彩的采集重构、色彩设计应用。 | |
| 510 | 1 | @aPoster design@zeng |
| 606 | 0 | @a宣传画@x设计@x高等学校@j教材 |
| 606 | 0 | @a宣传画 |
| 690 | @aJ218.1@v4 | |
| 701 | 0 | @a牛玖荣@Aniu jiu rong@c(女)@4主编 |
| 801 | 0 | @aCN@bNLC@c20101222 |
| 905 | @a10447@dJ218.1@eJY330 | |
| 招贴设计=Poster design/牛玖荣主编.-郑州:河南科学技术出版社,2007 |
| 151页:图;26cm |
| 高等院校艺术设计专业系列教材 |
| ISBN 978-7-5349-3574-9:CNY43.00 |
| 本书共8章,内容包括色彩与色彩构成、色彩的属性、色彩的混合、色彩心理、色彩对比、色彩调和、色彩的采集重构、色彩设计应用。 |
| ● |
| 相关链接 |
|
|
|
|
正题名:招贴设计
索取号:J218.1/JY330
 
预约/预借
| 序号 | 登录号 | 条形码 | 馆藏地/架位号 | 状态 | 备注 |
| 1 | 7833249 | 278332494 | 学院路分馆/ [索取号:J218.1/JY330] | 在馆 | |
| 2 | 7833250 | 278332500 | 学院路分馆/ [索取号:J218.1/JY330] | 在馆 |